NCAA Division 1 schools in Ohio - Statistics

General Stats
  • This quiz has been taken 1,698 times
  • The average score is 10 of 13
Answer Stats
Primary conference Full name School % Correct
MAC Ohio University Ohio
99%
Big Ten The Ohio State University Ohio State
99%
MAC University of Akron Akron
87%
American University of Cincinnati Cincinnati
87%
MAC University of Toledo Toledo
87%
MAC Bowling Green State University Bowling Green
78%
MAC Miami University Miami
77%
A10 University of Dayton Dayton
76%
MAC Kent State University Kent State
76%
Horizon Cleveland State University Cleveland State
74%
Big East Xavier University Xavier
67%
Horizon Youngstown State University Youngstown State
56%
Horizon Wright State University Wright State
49%
No matching quizzes found
Score Distribution
Percent of People with Each Score
Percentile by Number Answered
Your Score History
You have not taken this quiz